Welcome to CU Library Online Public Access Catalogue (OPAC)

Unlocking the Bible Story (Record no. 5408)

MARC details
000 -LEADER
fixed length control field 00405nam a22001577a 4500
005 - DATE AND TIME OF LATEST TRANSACTION
control field 20250411115550.0
008 - FIXED-LENGTH DATA ELEMENTS--GENERAL INFORMATION
fixed length control field 250411b |||||||| |||| 00| 0 eng d
020 ## - INTERNATIONAL STANDARD BOOK NUMBER
International Standard Book Number 9780802465443
050 ## - LIBRARY OF CONGRESS CALL NUMBER
Classification number BS11.3 SMI
100 ## - MAIN ENTRY--PERSONAL NAME
Personal name Smith Colin S.
245 ## - TITLE STATEMENT
Title Unlocking the Bible Story
Statement of responsibility, etc. Colin S. Smith
260 ## - PUBLICATION, DISTRIBUTION, ETC.
Place of publication, distribution, etc. Chicago
Name of publisher, distributor, etc. Moody Press
Date of publication, distribution, etc. 2002
300 ## - PHYSICAL DESCRIPTION
Extent 261p.
Dimensions 23 cm
650 ## - SUBJECT ADDED ENTRY--TOPICAL TERM
Source of heading or term Theology
942 ## - ADDED ENTRY ELEMENTS (KOHA)
Source of classification or shelving scheme Library of Congress Classification
Koha item type Books
Suppress in OPAC No
999 ## -
-- 5408
-- 5408
Holdings
Withdrawn status Lost status Source of classification or shelving scheme Damaged status Not for loan Collection Home library Current library Shelving location Date acquired Total checkouts Full call number Barcode Date last seen Copy number Price effective from Koha item type
    Library of Congress Classification     Non-fiction Business Library (Miotso) Business Library (Miotso) General stacks 04/11/2025   BS11.3 SMI BSSM00001761 04/11/2025 1 04/11/2025 Books
    Library of Congress Classification     Non-fiction Business Library (Miotso) Business Library (Miotso) General stacks 04/11/2025   BS11.3 SMI BSSM00001765 04/11/2025 2 04/11/2025 Books
    Library of Congress Classification     Non-fiction Business Library (Miotso) Business Library (Miotso) General stacks 04/11/2025   BS11.3 SMI BSSM00001763 04/11/2025 3 04/11/2025 Books
    Library of Congress Classification     Non-fiction Business Library (Miotso) Business Library (Miotso) General stacks 04/11/2025   BS11.3 SMI BSSM00001764 04/11/2025 4 04/11/2025 Books
© 2023-2024 Copyright: Central University Libraries. All Rights Reserved | Created by: Mahone Tech Office